Kdy je firemní filantropie přínosem?

Firemná filantropia ako kombinácia možných foriem podpory neziskových organizácií. Dobročinná podpora zo strany firiem. Social investment - podpora vzdelávania a výskumu. Komerčne orientované projekty v spolupráci s neziskovými organizáciami. Transparentnosť a komunikácia v oblasti firemného darcovs...

Descrizione completa

Salvato in:
Dettagli Bibliografici
Autore principale: Kalousová, Pavlína
Natura: Capitolo di libro
Lingua:ceco
Soggetti:
Tags: Aggiungi Tag
Nessun Tag, puoi essere il primo ad aggiungerne!!

MARC

LEADER 00000naa$a2200000$$$4500
001 0029132
005 20231016104515.4
041 0 |a cze 
044 |a CZ 
245 1 0 |a Kdy je firemní filantropie přínosem?  |c Pavlína Kalousová 
520 |a Firemná filantropia ako kombinácia možných foriem podpory neziskových organizácií. Dobročinná podpora zo strany firiem. Social investment - podpora vzdelávania a výskumu. Komerčne orientované projekty v spolupráci s neziskovými organizáciami. Transparentnosť a komunikácia v oblasti firemného darcovstva. 
610 2 0 |a dary 
610 2 0 |a pomoc finančná 
610 2 0 |a pomoc vecná 
610 2 0 |a organizácie neziskové 
610 2 0 |a nadácie 
610 2 0 |a firmy 
100 1 |a Kalousová, Pavlína